000 00605nam a2200229 a 4500
003 AR-BaBNM
005 20251128205155.0
008 082120s2002 ||||||||||||||000 | spa||
020 _a950-727-109-0
040 _cAR-BaBNM
100 1 _aQuiroga Lavié, Humberto
245 0 0 _aConstitución de la Ciudad de Buenos Aires comentada
250 _a1ª ED.
260 _aSanta Fe
_bRubinzal-Culzoni
_c1996
300 _a424 p.
650 4 _aDERECHO CONSTITUCIONAL
650 4 _aCONSTITUCIONES
651 4 _aBuenos Aires [Capital Federal]
651 4 _aArgentina
942 _cBK
998 _cEnrique
999 _c10292
_d10292